Ateş Bahçeleri (Record no. 1481)

000 -LEADER
fixed length control field 00460nam a22001697a 4500
008 - FIXED-LENGTH DATA ELEMENTS--GENERAL INFORMATION
fixed length control field 170329b xxu||||| |||| 00| p tur d
020 ## - INTERNATIONAL STANDARD BOOK NUMBER
International Standard Book Number 9756978023
041 ## - LANGUAGE CODE
Language code of text/sound track or separate title Türkçe
100 ## - MAIN ENTRY--PERSONAL NAME
9 (RLIN) 811
Personal name Cengizhan Orakçı
245 ## - TITLE STATEMENT
Title Ateş Bahçeleri
250 ## - EDITION STATEMENT
Edition statement 1. Baskı
260 ## - PUBLICATION, DISTRIBUTION, ETC.
Place of publication, distribution, etc. Ankara
Name of publisher, distributor, etc. Mağara Kitapları
Date of publication, distribution, etc. Temmuz 1997
300 ## - PHYSICAL DESCRIPTION
Extent 46 sayfa
500 ## - GENERAL NOTE
General note Mağara Kitapları Yayın No: 3; Şiir Dizisi: 3
650 #0 - SUBJECT ADDED ENTRY--TOPICAL TERM
9 (RLIN) 145
Topical term or geographic name entry element Türk Edebiyatı
942 ## - ADDED ENTRY ELEMENTS (KOHA)
Source of classification or shelving scheme
Koha item type Books
Holdings
Withdrawn status Lost status Source of classification or shelving scheme Damaged status Not for loan Permanent Location Current Location Shelving location Date acquired Barcode Date last seen Price effective from Koha item type
        Ödünç verilemez İmren Ahmet Tüzün Kütüphanesi İmren Ahmet Tüzün Kütüphanesi Ahmet Tüzün 2017-10-19 100100001459 2017-10-19 2017-10-19 Books

This software was implemented, installed and managed by Devinim Software Training Consulting .